000 00586nab a2200157 4500
003 ES-SlBCS
005 20210327231242.0
008 160907s2015 bl ||||| |||| 00| 0 por d
040 _aES-SlBCS
_bspa
100 1 _aPetry, Franciele Bete
_9411219
245 1 0 _aExperiência e formaçao em Theodor W. Adorno
_cFranciele Bete Petry
246 1 1 _aExperience and training in Theodor W. Adorno
600 1 0 _aAdorno, Theodor W.
_d, 1903-1969
_xCrítica e interpretación
_9124053
773 0 _gVol. 29, Nº 57, 2015, págs. 455-488
_tEducaçao e Filosofia
_wRev1534
_x0102-6801
942 _2lcc
_cAR
999 _c858483
_d858483